Light Stability of Ink-jet Prints

Bibliographic Details
Main Authors: Reháková, Milena, 1964- (Author), Čeppan, Michal, 1952- (Author), Černáková, Henrieta (Author), Dvonka, Vladimír, 1970- (Author), Hrehorová, Erika (Author), Kindernay, Juraj (Author)
Format: Article
Language:English
Slovak
ISBN:ISBN 80-227-1942-0
Online Access:http://www.viks.sk/chk/wpp20_2003.doc

MARC

LEADER 00000nab a2200000 a 4500
001 vtls008639135
003 SK-MaSNL
005 20260303235222.0
008 040826 2003 xo 000 0 eng
035 |a (KIS3G)CLAS02vtls000026215 
040 |a SNKORKD  |b slo  |c SNKORKD  |e AACR2 
041 0 |a slo 
044 |a xo  |c SK 
100 1 |a Reháková, Milena,  |d 1964-  |4 aut  |9 246386 
245 1 0 |a Light Stability of Ink-jet Prints 
520 3 |a CONCLUSION. The goal of this work was to study the light stability of ink-jet prints. Comparing used substrates it was determined that the most suitable substrate is PES foil (backlit), than paper of sample 1 (coated, glossy) and at least paper of sample 2 (coated, semi-gloss). Differences between samples 1 and 2 were rather small. In term of interpretation of non-chromatic parameters, the most suitable substrate was paper of sample 1. Its coating favourably affected the edge definition during the exposure. On the other hand, the PES substrate showed unsatisfactory properties. Concerning the stability of used inks, it cannot be stated which one is the best; interaction with substrate occured. Samples printed with special exterior inks showed their fine properties. Sample of self-adhesive foil Scitex (PVC) did not exceed value E*ab = 4 (C, K, R, G up to 2). Moreover water resistance, the important characteristic of these materials, was excellent. 
700 1 |a Čeppan, Michal,  |d 1952-  |4 aut  |9 40000 
700 1 |a Černáková, Henrieta  |4 aut  |9 1273686 
700 1 |a Dvonka, Vladimír,  |d 1970-  |4 aut  |9 201881 
700 1 |a Hrehorová, Erika  |4 aut  |9 1273687 
700 1 |a Kindernay, Juraj  |4 aut  |9 805674 
773 |t Chemical Technology of Wood Pulp Paper  |d Bratislava: Slovak University of Technology, 2003  |g p. 440-443  |z ISBN 80-227-1942-0 
856 4 |u http://www.viks.sk/chk/wpp20_2003.doc 
910 |a schk 
910 |a memoriask 
999 |c 2524653  |d 2526583